Statistiques concernant Culture Générale - Série 1420

Cliquez ici pour prendre le quiz!

Statistiques générales

  • Ce quiz a été pris 53 fois
  • Le résultat moyen est 4 sur 10

Statistiques - réponses

Question Réponse % Correct
Quelle île de la baie de San Francisco a abrité, jusqu'en 1963, une prison mythique ?Alcatraz
88%
Comment appelle-t-on une jeune vache d'un an et demi qui n'a pas encore vêlé ?génisse
76%
De quel fruit la "Drap d'or", la "Melrose" et la "Sang de boeuf" sont-elles des variétés ?pomme
53%
Dans quel département se trouve Saint-Véran qui serait la plus haute commune d'Europe ?Hautes Alpes
41%
En quelle année la République populaire de Chine a-t-elle été proclamée ?1949
41%
Quelle mer appelait-on autrefois Pont Euxin ?mer noire
29%
Comment appelle-t-on les récolteurs de résine de pins dans les Landes de Gascogne ?gemmeurs
8%
Comment s'appelle le détroit qui sépare la Floride de Cuba ?détroit de Floride
8%
Quel saint a fondé l'Ordre des Chartreux en 1084 ?Saint Bruno
6%
Quelle émission hebdomadaire, présentée par Jean-Jacques Bourdin, a démarré sur TF1 en juillet 2010 ?abus de confiance
2%

Distribution des résultats

Percentile par nombre de réponses

% des personnes avec chaque résultat

Votre développement - résultats

Vous n’avez pas pris ce quiz